Music Quiz

Random Music or Bands Quiz
Score 0/48 Timer 08:00
13 Plays Today
no. band/artist % Correct
11.P!nk
92.2%
20.Queen
91.1%
30.Guns 'n' Roses
89.5%
28.Red Hot Chili Peppers
89.4%
26.Eagles
87.1%
18.Radiohead
85.5%
3.Gorillaz
85.2%
19.The Police
84.5%
12.Poison
83.3%
29.Kiss
83%
43.Prince
81.7%
24.The Smashing Pumpkins
80.5%
8.Eminem
80.3%
7.The Rolling Stones
78.2%
36.korn
77.2%
32.Ice Cube
74.1%
27.Europe
73.8%
31.Whitesnake
70.2%
23.Meatloaf
68.1%
13.The Beatles
64.6%
42.The Doors
64%
45.Led Zeppelin
61.4%
25.Cream
61.2%
2.50 Cent
59.1%
no. band/artist % Correct
10.Garbage
55.7%
9.Hole
55.5%
14.Blur
54.8%
47.Nickelback
53.9%
21.Def Leppard
50.8%
5.Oasis
50.6%
33.The Flaming Lips
50%
38.Deep Purple
46.8%
1.Motorhead
44.4%
15.Sum 41
43.7%
16.Slipknot
42.4%
48.Soundgarden
40%
39.The Jam
38.2%
37.Kansas
37%
6.Rage Against the Machine
36.6%
22.Sex Pistols
35.2%
35.Iron Maiden
30.5%
40.The Beach Boys
25.9%
46.Styx
21.4%
44.Fallout Boy
17.7%
34.Pussycat Dolls
14.4%
4.The Hives
12.1%
41.Supertramp
9%
17.Chuck Berry
7%
Remove Ads.
Support Sporcle.
Get the best of Sporcle when you Go Orange. This ad-free experience offers more features, more stats, and more fun while also helping to support Sporcle. Thank you for becoming a member.

You're not logged in!

Compare scores with friends on all Sporcle quizzes.
OR
Log In

Show Comments

Extras

Top Quizzes Today


Score Distribution

Your Account Isn't Verified!

In order to create a playlist on Sporcle, you need to verify the email address you used during registration. Go to your Sporcle Settings to finish the process.

Report this User

Report this user for behavior that violates our Community Guidelines.

Details: